000 00469nam a2200181 a 4500
001 1270
003 CO-ViMGA
008 141112s2004 ck r 000 u spa d
040 _aCO-ViMGA
_bspa
_cCO-ViMGA
082 0 4 _a780 K17i
100 1 _aKerolyi, Otto
_949439
245 1 0 _aIntroducción a la música /
_cOtto Kerolyi
260 _aMadrid :
_bAlianza,
_c1976
300 _a217 p
490 _aEl libro de bolsillo, 607
650 1 4 _aMUSICA
_949440
942 _2ddc
_cBK
999 _c13490
_d13490